| 000 | 00441 a2200157 4500 | ||
|---|---|---|---|
| 003 | OSt | ||
| 005 | 20231122154715.0 | ||
| 008 | 231122b |||||||| |||| 00| 0 eng d | ||
| 020 | _a9789388140058 | ||
| 040 | _coclc | ||
| 082 |
_a540 _bBAR/C |
||
| 100 |
_aBariyar, Alok _99930 |
||
| 245 |
_a Chemistry for IIT - JAM / _cAlok Bariyar |
||
| 260 |
_bKrishna Prakashan, _c2023. |
||
| 942 |
_2ddc _cBK _h540 _iBAR/C _k540 _mBAR/C |
||
| 999 |
_c41855 _d41855 |
||